Tous les Pouvoirs de Kirby - Statistiques

Statistiques générales
  • Ce quiz a été pris 24 fois
  • Le résultat moyen est 22 sur 65
Statistiques - réponses
Personnages % Correct
Épée
95%
Feu
95%
Glace
89%
Bombe
74%
Eau
68%
Marteau
68%
Rocher
63%
Combat
58%
Foudre
58%
Trancheur
58%
Aiguille
53%
Micro
53%
Rayon
53%
Tornade
53%
Aile
47%
Feuille
47%
Roue
47%
Araignée
42%
Lance
42%
Peinture
42%
Poison
42%
Laser
37%
O.V.N.I.
37%
Parasol
37%
PSY
37%
Yoyo
37%
Cuisine
32%
Docteur
32%
Étincelle
32%
Jet
32%
Lutteur
32%
Miroir
32%
Sable
32%
Sommeil
32%
Super-Saut
32%
Archer
26%
Cirque
26%
Foreuse
26%
Fouet
26%
Ménage
26%
Scarabée
26%
Animal
21%
Bâton
21%
Clochette
21%
Fantôme
21%
Ninja
21%
Plasma
21%
Artiste
16%
Copieur
16%
Gel
16%
Métal
16%
Torche
16%
Arcupidon
11%
Balle
11%
Bulle
11%
Explorateur
11%
Festival
11%
Fusée
11%
Lumière
11%
Magik
11%
Méca
11%
Smash Bros.
11%
Lancer
5%
Culbute
0%
Minus
0%
Aucun quiz correspondant
Distribution des résultats
% des personnes avec chaque résultat
Percentile par nombre de réponses
Votre historique - résultats
Vous n’avez pas pris ce quiz